[Event "XXXIV C.to Italiano ASCI"]
[Site "Silvi Marina ITA"]
[Date "2006.08.31"]
[Round "6"]
[White "Poli, Diego"]
[Black "Pugliese, Giuseppe"]
[Result "1/2-1/2"]
[WhiteElo "1646"]
[BlackElo "1856"]
[PlyCount "94"]
[EventDate "2006.08.26"]

1. Nf3 c5 2. e4 Nc6 3. c4 d6 4. h3 g6 5. d3 Bg7 6. Nc3 Nf6 7. Be2 O-O 8. O-O
Nd4 9. Nh2 Nxe2+ 10. Nxe2 e5 11. Bg5 h6 12. Bxf6 Qxf6 13. Rb1 Qe7 14. f4 f5 15.
exf5 Rxf5 16. g4 Rf7 17. Qd2 Bd7 18. fxe5 Rxf1+ 19. Rxf1 Qxe5 20. b3 Re8 21.
Rf2 Bc6 22. Nf1 Qe7 23. Nfg3 b6 24. Kf1 Kh7 25. Nf4 Qe3 26. Qxe3 Rxe3 27. Ne4
Bxe4 28. dxe4 Rxe4 29. Nd5 Kg8 30. Nf6+ Bxf6 31. Rxf6 Rd4 32. Rxg6+ Kh7 33. Re6
a6 34. Ke2 b5 35. cxb5 axb5 36. Ke3 Rd1 37. Ke2 Rd4 38. Ke3 Rd1 39. Ke2 Rh1 40.
Rxd6 Rh2+ 41. Kf3 Rxh3+ 42. Kf4 Rc3 43. Rd7+ Kg8 44. Rd6 c4 45. bxc4 Rxc4+ 46.
Kf5 Rc5+ 47. Kf4 Kg7 1/2-1/2

[Event "XXXIV C.to Italiano ASCI"]
[Site "Silvi Marina ITA"]
[Date "2006.09.01"]
[Round "7"]
[White "Nicolini, Savino"]
[Black "Poli, Diego"]
[Result "0-1"]
[WhiteElo "1473"]
[BlackElo "1646"]
[PlyCount "54"]
[EventDate "2006.08.26"]

1. d4 d5 2. Nf3 Nf6 3. Bg5 Ne4 4. Nbd2 f6 5. Bf4 g5 6. Be3 Bf5 7. h3 Nc6 8. a3
h5 9. Nb3 e5 10. Nfd2 Nxd2 11. Qxd2 a5 12. dxe5 Nxe5 13. Nxa5 b6 14. Nb3 c5 15.
f4 Nc4 16. Qc1 Bxc2 17. Nd4 cxd4 18. Bxd4 Be4 19. fxg5 Be7 20. e3 Rc8 21. Bxc4
Rxc4 22. Qd1 Qc7 23. O-O Qg3 24. Rf2 Bd6 25. Kf1 Qh2 26. Ke1 Qh1+ 27. Rf1 Bg3+
0-1

[Event "XXXIV C.to Italiano ASCI"]
[Site "Silvi Marina ITA"]
[Date "2006.09.01"]
[Round "7"]
[White "Pugliese, Giuseppe"]
[Black "Fratini, Mauro"]
[Result "0-1"]
[WhiteElo "1856"]
[BlackElo "1745"]
[PlyCount "74"]
[EventDate "2006.08.26"]

1. e4 Nf6 2. Bc4 d6 3. Nc3 c6 4. d4 Nbd7 5. f4 Nxe4 6. Nxe4 d5 7. Bd3 dxe4 8.
Bxe4 Nf6 9. Bf3 g6 10. c3 Bg7 11. Ne2 O-O 12. O-O Qb6 13. Ng3 e6 14. Qc2 Nd5
15. Ne4 Rd8 16. Qf2 Qc7 17. Qh4 b6 18. Be2 Bb7 19. f5 exf5 20. Ng5 h6 21. Nxf7
Qxf7 22. Bxh6 Bxh6 23. Qxh6 Qg7 24. Qg5 Re8 25. Bd3 Re7 26. Rae1 Rae8 27. Rxe7
Rxe7 28. h4 Nf6 29. Rf3 Ng4 30. g3 b5 31. h5 c5 32. Rf1 gxh5 33. Qxh5 Ne3 34.
Rf3 Bxf3 35. Qxf3 c4 36. Bb1 Qg4 37. Qa8+ Kh7 0-1

[Event "XXXIV C.to Italiano ASCI"]
[Site "Silvi Marina ITA"]
[Date "2006.09.02"]
[Round "8"]
[White "Fratini, Mauro"]
[Black "Melle, Ezio"]
[Result "1-0"]
[WhiteElo "1745"]
[BlackElo "1789"]
[PlyCount "71"]
[EventDate "2006.08.26"]

1. d4 Nf6 2. Nf3 g6 3. Bf4 Bg7 4. e3 d6 5. h3 Nbd7 6. Be2 e5 7. dxe5 Nh5 8. Bg5
f6 9. exf6 Nhxf6 10. c3 O-O 11. O-O Qe8 12. Nbd2 Ne5 13. Nxe5 dxe5 14. Bh4 Be6
15. Bg3 Rd8 16. Qc2 Nd5 17. Rad1 Nb6 18. b3 Qf7 19. c4 Rd7 20. Bf3 c6 21. Ne4
Bf5 22. Qc1 Bxe4 23. Bxe4 Rfd8 24. Bf3 Rxd1 25. Rxd1 Rxd1+ 26. Qxd1 Qd7 27. Qc2
a5 28. Bg4 Qe7 29. Qb2 h5 30. Bf3 e4 31. Bxe4 Nxc4 32. Qc2 Na3 33. Qd3 g5 34.
Bd6 Qf6 35. Bxa3 Qa1+ 36. Qb1 1-0

[Event "XXXIV C.to Italiano ASCI"]
[Site "Silvi Marina ITA"]
[Date "2006.09.02"]
[Round "8"]
[White "Poli, Diego"]
[Black "Ragusi, Gianluca"]
[Result "1/2-1/2"]
[WhiteElo "1646"]
[BlackElo "1634"]
[PlyCount "87"]
[EventDate "2006.08.26"]

1. Nf3 Nf6 2. g3 g6 3. d4 d5 4. Bg5 Bg7 5. Bxf6 exf6 6. Bg2 O-O 7. O-O Re8 8.
Re1 f5 9. Qd2 Nd7 10. Nc3 c6 11. e3 Nf6 12. Ne5 Ne4 13. Qd3 Bxe5 14. dxe5 Rxe5
15. f4 Re8 16. Bxe4 fxe4 17. Qd4 Bg4 18. b4 Qc7 19. Ne2 Bxe2 20. Rxe2 f5 21. a4
Qg7 22. Rd2 Qxd4 23. Rxd4 Rad8 24. Rad1 Re7 25. c4 Red7 26. Kf2 Kf7 27. h3 Ke6
28. c5 a6 29. g4 Rg7 30. Rg1 Rdg8 31. Rb1 Rc8 32. Rd2 Rd7 33. Rbd1 h5 34. gxf5+
gxf5 35. Rg1 Kf6 36. Rg5 Rg7 37. Rxg7 Kxg7 38. Ke1 Rd8 39. b5 axb5 40. axb5 Kf6
41. bxc6 bxc6 42. Rh2 h4 43. Kd2 Ra8 44. Kc3 1/2-1/2

[Event "I Open"]
[Site "Novi Ligure ITA"]
[Date "2006.10.13"]
[Round "1"]
[White "Astengo, Marcello"]
[Black "Porzio, Massimo"]
[Result "1/2-1/2"]
[WhiteElo "2110"]
[BlackElo "1690"]
[PlyCount "114"]
[EventDate "2006.10.13"]

1. d4 d5 2. c4 e6 3. Nc3 Nf6 4. cxd5 exd5 5. Bg5 c6 6. e3 Be7 7. Qc2 Nbd7 8.
Bd3 O-O 9. Nge2 h6 10. Bh4 Re8 11. f3 Qa5 12. O-O c5 13. Rad1 c4 14. Bf5 Nf8
15. Bxc8 Raxc8 16. e4 Nxe4 17. fxe4 Bxh4 18. Nxd5 Qxa2 19. Rf3 Qa6 20. Rdf1 Qg6
21. Nec3 Ne6 22. Qd2 Ng5 23. Rf5 Nxe4 24. Nxe4 Rxe4 25. Rxf7 Qe6 26. Nc3 Bg5
27. Qd1 Rxd4 28. Qa4 Rd2 29. Qb5 Be3+ 30. Kh1 Qc6 31. Qxb7 Qxb7 32. Rxb7 Bd4
33. Na4 Re8 34. Nc3 Rf8 35. Rxf8+ Kxf8 36. g3 Rc2 37. Na4 Rf2 38. Rb4 Ke7 39.
b3 c3 40. Rxd4 Rd2 41. Re4+ Kf6 42. Nxc3 Rd3 43. Re3 Rxe3 44. Nd5+ Ke5 45. Nxe3
Kd4 46. Nf5+ Kc3 47. Nxg7 Kxb3 48. Ne6 a5 49. Kg2 Kb4 50. Kf3 a4 51. Nd4 Kc3
52. Ne2+ Kb2 53. Nf4 a3 54. Nd3+ Kc3 55. Nc1 Kb2 56. Nd3+ Kc3 57. Nc1 Kb2
1/2-1/2

[Event "I Open"]
[Site "Novi Ligure ITA"]
[Date "2006.10.13"]
[Round "1"]
[White "Brigati, Alessandro"]
[Black "Conti, Marco"]
[Result "1-0"]
[WhiteElo "2130"]
[BlackElo "1696"]
[PlyCount "55"]
[EventDate "2006.10.13"]

1. d4 e6 2. c4 c6 3. Nf3 d5 4. e3 Nh6 5. Nc3 Bb4 6. Qc2 O-O 7. Bd3 f5 8. Bd2 a6
9. a3 Qa5 10. O-O Bxc3 11. Bxc3 Qc7 12. a4 Nd7 13. b4 b6 14. Rfc1 Nf6 15. b5 a5
16. Bb2 cxb5 17. cxb5 Qf7 18. Ba3 Re8 19. Ne5 Qh5 20. Qe2 Qh4 21. Bd6 g5 22.
Rc6 g4 23. g3 Qg5 24. Rxb6 Qg7 25. Rc6 Ra7 26. Rac1 Ra8 27. Rc7 Nd7 28. b6 1-0

[Event "I Open"]
[Site "Novi Ligure ITA"]
[Date "2006.10.13"]
[Round "1"]
[White "Dragojlovic, Andjelko"]
[Black "Guglielmone, Luciano"]
[Result "1-0"]
[WhiteElo "2383"]
[BlackElo "1775"]
[PlyCount "69"]
[EventDate "2006.10.13"]

1. e4 e6 2. d4 d5 3. Nc3 Nf6 4. Bg5 Bb4 5. e5 h6 6. Bd2 Bxc3 7. bxc3 Ne4 8. Qg4
g6 9. h4 c5 10. Bd3 cxd4 11. Bxe4 dxe4 12. Qxe4 Nc6 13. Nf3 dxc3 14. Bxc3 Qc7
15. O-O Bd7 16. Rfd1 O-O-O 17. Rab1 Nb8 18. Qe3 Nc6 19. Nd2 g5 20. Nc4 b6 21.
Nd6+ Kb8 22. Nxf7 Ne7 23. Bb4 Nf5 24. Bd6 Nxe3 25. fxe3 gxh4 26. Nxd8 Qxd6 27.
Rxd6 Rxd8 28. Rb4 h3 29. g3 Kc7 30. Rc4+ Kb7 31. Rh4 Kc7 32. Rxh6 Ba4 33. Rh7+
Kc8 34. Rxa7 Rxd6 35. exd6 1-0

[Event "I Open"]
[Site "Novi Ligure ITA"]
[Date "2006.10.13"]
[Round "1"]
[White "Marazzi, Dominic"]
[Black "Riva, Riccardo"]
[Result "1-0"]
[WhiteElo "1961"]
[BlackElo "1485"]
[PlyCount "75"]
[EventDate "2006.10.13"]

1. e4 e6 2. d4 d5 3. e5 c5 4. Nf3 Nc6 5. Be2 Qb6 6. c3 cxd4 7. cxd4 Bb4+ 8. Nc3
Nge7 9. a3 Bxc3+ 10. bxc3 O-O 11. a4 Ng6 12. O-O f6 13. Ba3 Rf7 14. Bd3 Nce7
15. exf6 Rxf6 16. Bxe7 Nxe7 17. Ne5 Nf5 18. Qh5 Qd8 19. g4 Rh6 20. Qf7+ Kh8 21.
Qxf5 exf5 22. Nf7+ Kg8 23. Nxd8 fxg4 24. Rfe1 Bd7 25. Nxb7 Rf8 26. Nc5 Rf3 27.
Nxd7 Rxd3 28. Rab1 Rxc3 29. Rb8+ Kf7 30. Rf8+ Kg6 31. Ne5+ Kg5 32. Nf7+ Kh4 33.
Nxh6 gxh6 34. Rf6 h5 35. Rf5 Rc6 36. Rxd5 Ra6 37. Ree5 Rh6 38. Ra5 1-0

[Event "I Open"]
[Site "Novi Ligure ITA"]
[Date "2006.10.13"]
[Round "1"]
[White "Marconcini, Fabio"]
[Black "Nardelli, Marco"]
[Result "0-1"]
[WhiteElo "1707"]
[BlackElo "2133"]
[PlyCount "66"]
[EventDate "2006.10.13"]

1. e4 c5 2. Nf3 Nc6 3. Bb5 g6 4. O-O Bg7 5. Nc3 Nd4 6. Nxd4 cxd4 7. Ne2 e6 8.
d3 Ne7 9. f4 O-O 10. Ng3 f5 11. exf5 gxf5 12. Nh5 a6 13. Ba4 b5 14. Bb3 Bb7 15.
Nxg7 Kxg7 16. Bd2 Rg8 17. Qe2 h6 18. Qe5+ Kh7 19. g3 Qb6 20. Kf2 Ng6 21. Qe2
Rge8 22. Qh5 Qc6 23. Rg1 Re7 24. Bb4 Rg7 25. a4 Nxf4 26. gxf4 Rg2+ 27. Rxg2
Qxg2+ 28. Ke1 Qg1+ 29. Kd2 Qe3+ 30. Kd1 Bf3+ 31. Qxf3 Qxf3+ 32. Kd2 Qe3+ 33.
Kd1 Rg8 0-1

[Event "I Open"]
[Site "Novi Ligure ITA"]
[Date "2006.10.13"]
[Round "1"]
[White "Rapetti, Giuseppe"]
[Black "Damia, Angelo"]
[Result "0-1"]
[WhiteElo "1628"]
[BlackElo "2099"]
[PlyCount "34"]
[EventDate "2006.10.13"]

1. d4 Nf6 2. c4 e6 3. Nc3 Bb4 4. Qc2 c5 5. Nf3 Nc6 6. e3 O-O 7. Bd2 d5 8. a3
cxd4 9. exd4 Be7 10. c5 e5 11. dxe5 Ng4 12. Bd3 Bxc5 13. Bxh7+ Kh8 14. O-O Nd4
15. Qd3 Nxf3+ 16. gxf3 Nxf2 17. Qc2 Qh4 0-1

[Event "I Open"]
[Site "Novi Ligure ITA"]
[Date "2006.10.13"]
[Round "1"]
[White "Sorcinelli, Francesco"]
[Black "Monticone, Sonia"]
[Result "1-0"]
[WhiteElo "2108"]
[BlackElo "1611"]
[PlyCount "73"]
[EventDate "2006.10.13"]

1. Nf3 Nf6 2. c4 e6 3. g3 d5 4. Bg2 c6 5. O-O Be7 6. b3 Nbd7 7. Bb2 O-O 8. Qc2
Rb8 9. d3 b6 10. Nbd2 Bb7 11. Rac1 c5 12. e3 Re8 13. e4 d4 14. Rce1 e5 15. Nh4
Nh5 16. Nf5 Bf8 17. Qd1 g6 18. Bc1 Ndf6 19. Bf3 Bc8 20. Bxh5 Nxh5 21. Nb1 Nf6
22. Nh4 Bh3 23. Ng2 Nh5 24. f4 exf4 25. gxf4 Bxg2 26. Kxg2 Qh4 27. Qf3 f5 28.
Bd2 Nf6 29. exf5 gxf5 30. Qg3+ Qg4 31. Re5 Rxe5 32. fxe5 Qxg3+ 33. hxg3 Ng4 34.
Rxf5 Bg7 35. Bf4 Re8 36. Kf3 Nxe5+ 37. Bxe5 1-0

[Event "I Open"]
[Site "Novi Ligure ITA"]
[Date "2006.10.13"]
[Round "1"]
[White "Tartaglino, Fabio"]
[Black "Bronzo, Vito"]
[Result "0-1"]
[WhiteElo "1434"]
[BlackElo "1873"]
[PlyCount "58"]
[EventDate "2006.10.13"]

1. e4 d6 2. d4 Nf6 3. Nc3 c6 4. g3 Qc7 5. Bg2 e5 6. Nge2 Be7 7. O-O O-O 8. Qd3
Na6 9. a3 Bg4 10. h3 Bh5 11. g4 Bg6 12. Ng3 d5 13. Be3 Rfd8 14. Nf5 dxe4 15.
Bxe4 Nc5 16. dxc5 Rxd3 17. Bxd3 Bxf5 18. Bxf5 Nd5 19. Nxd5 cxd5 20. b4 e4 21.
g5 Bxg5 22. Bxh7+ Kxh7 23. Bxg5 Qe5 24. h4 f6 25. Bd2 Qh5 26. Bc3 Qg4+ 27. Kh2
Qxh4+ 28. Kg1 Qg4+ 29. Kh2 Kg6 0-1

[Event "I Open"]
[Site "Novi Ligure ITA"]
[Date "2006.10.13"]
[Round "1"]
[White "Trumpf, Walter"]
[Black "Falamischia, Andrea"]
[Result "1-0"]
[WhiteElo "2084"]
[BlackElo "1575"]
[PlyCount "39"]
[EventDate "2006.10.13"]

1. d4 Nf6 2. Nc3 g6 3. e4 d6 4. f3 Bg7 5. Be3 O-O 6. Qd2 b6 7. Nge2 e5 8. d5
Ba6 9. h4 Nbd7 10. g4 h5 11. Bg5 Qc8 12. Bh3 Qe8 13. Ng3 Nh7 14. gxh5 Nxg5 15.
hxg5 Qe7 16. hxg6 fxg6 17. Be6+ Rf7 18. Nf5 Qe8 19. Qh2 Nf8 20. Nxg7 1-0

[Event "I Open"]
[Site "Novi Ligure ITA"]
[Date "2006.10.14"]
[Round "2"]
[White "Falamischia, Andrea"]
[Black "Tartaglino, Fabio"]
[Result "1/2-1/2"]
[WhiteElo "1575"]
[BlackElo "1434"]
[PlyCount "86"]
[EventDate "2006.10.13"]

1. d4 Nf6 2. c4 g6 3. Nc3 d5 4. cxd5 Nxd5 5. e4 Nxc3 6. bxc3 Bg7 7. Bc4 c5 8.
Ne2 O-O 9. O-O Nd7 10. Be3 b6 11. Qd2 Bb7 12. f3 Rc8 13. Rac1 a6 14. a4 Qc7 15.
Bh6 Rfd8 16. Bxg7 Kxg7 17. Qd3 Ne5 18. Qb1 Nxc4 19. Qa2 Nd6 20. d5 Ne8 21. c4
Ra8 22. Qb2+ Kg8 23. f4 f6 24. Rf3 Bc8 25. Rg3 Kf7 26. Rf1 Nd6 27. Qc2 Bd7 28.
e5 Nf5 29. e6+ Bxe6 30. dxe6+ Kxe6 31. Rh3 Rh8 32. g4 Ng7 33. Qe4+ Kf7 34. Rxh7
Qd7 35. Rxh8 Qxg4+ 36. Qg2 Qxg2+ 37. Kxg2 Rxh8 38. Nc3 Rd8 39. Rd1 Rxd1 40.
Nxd1 e6 41. Nc3 Ke7 42. Kf3 Kd6 43. Ne4+ Ke7 1/2-1/2

[Event "I Open"]
[Site "Novi Ligure ITA"]
[Date "2006.10.14"]
[Round "2"]
[White "Nardelli, Marco"]
[Black "Gardini, Enrico"]
[Result "1-0"]
[WhiteElo "2133"]
[BlackElo "1896"]
[PlyCount "102"]
[EventDate "2006.10.13"]

1. e4 e5 2. Nf3 Nf6 3. Nxe5 d6 4. Nf3 Nxe4 5. d4 Be7 6. Bd3 Nf6 7. O-O Bg4 8.
Re1 O-O 9. Bg5 h6 10. Bh4 Re8 11. Nbd2 Nbd7 12. h3 Bh5 13. c4 Nh7 14. Qc2 Nhf8
15. Bg3 Bg6 16. Re2 Nf6 17. Rae1 Bxd3 18. Qxd3 Ng6 19. Qb3 Rb8 20. d5 Qd7 21.
Nd4 Bf8 22. N2f3 Rxe2 23. Rxe2 Be7 24. Qd3 Nh5 25. Qf5 Qxf5 26. Nxf5 Bf6 27.
Bh2 Kf8 28. c5 Nhf4 29. Re4 Nxd5 30. cxd6 c6 31. d7 Rd8 32. Nd6 Be7 33. Nxb7
Rxd7 34. Na5 Nf6 35. Rd4 c5 36. Rxd7 Nxd7 37. b3 a6 38. Kf1 Bf6 39. Nc6 Ke8 40.
Ke2 Nb6 41. Kd3 Nh4 42. Nxh4 Bxh4 43. f3 Nd5 44. a4 Bf2 45. Ke2 Bh4 46. g3 Bf6
47. Bg1 Ne7 48. Nb8 Nf5 49. g4 Bd4 50. Bh2 Ne7 51. Nxa6 Kd7 1-0

[Event "I Open"]
[Site "Novi Ligure ITA"]
[Date "2006.10.14"]
[Round "2"]
[White "Porzio, Massimo"]
[Black "Saffioti, Cristian"]
[Result "1/2-1/2"]
[WhiteElo "1690"]
[BlackElo "1928"]
[PlyCount "80"]
[EventDate "2006.10.13"]

1. e4 g6 2. d4 Bg7 3. Nc3 c5 4. Be3 Nc6 5. Nf3 Qb6 6. Nd5 Qd8 7. Qd2 Nf6 8.
Nxf6+ Bxf6 9. O-O-O cxd4 10. Nxd4 O-O 11. Nxc6 bxc6 12. Bd4 Bxd4 13. Qxd4 Qb6
14. Qxb6 axb6 15. Bc4 Ra4 16. b3 Rxa2 17. Kb1 Ra7 18. Kb2 b5 19. Be2 d6 20. Ra1
Rc7 21. Ra8 Be6 22. Rxf8+ Kxf8 23. Ra1 Kg7 24. f4 f6 25. h4 Bf7 26. Ra6 e5 27.
g3 exf4 28. gxf4 h6 29. Bf3 Be8 30. Kc3 g5 31. Ra8 Bd7 32. hxg5 hxg5 33. f5 Bc8
34. Rb8 Kf8 35. Kd4 Ke7 36. Be2 Kd7 37. Ra8 c5+ 38. Ke3 b4 39. Bb5+ Ke7 40. Bc4
Bb7 1/2-1/2

[Event "I Open"]
[Site "Novi Ligure ITA"]
[Date "2006.10.14"]
[Round "2"]
[White "Pulito, Alberto"]
[Black "Marazzi, Dominic"]
[Result "1-0"]
[WhiteElo "2230"]
[BlackElo "1961"]
[PlyCount "107"]
[EventDate "2006.10.13"]

1. e4 c5 2. c3 d5 3. exd5 Qxd5 4. d4 cxd4 5. cxd4 e5 6. Nf3 exd4 7. Qxd4 Qxd4
8. Nxd4 Bc5 9. Nb5 Na6 10. Bf4 Be6 11. N1c3 Rd8 12. Nc7+ Nxc7 13. Bxc7 Rc8 14.
Bb5+ Ke7 15. Be5 Nf6 16. O-O a6 17. Be2 Rhd8 18. Bf3 Rd7 19. Rac1 Ba7 20. Nd5+
Rxd5 21. Bxf6+ Kxf6 22. Rxc8 Rd2 23. Rc7 Rxb2 24. Rxb7 Rxb7 25. Bxb7 Bxa2 26.
Ra1 Be6 27. Rxa6 Bc5 28. Bd5 Bd4 29. Bxe6 fxe6 30. Kf1 Be5 31. Ke2 Bb2 32. Kf3
Kf5 33. g4+ Kf6 34. Ke4 g5 35. Ra7 Bc3 36. Rxh7 e5 37. Rh6+ Kg7 38. Rc6 Bd4 39.
f3 Bg1 40. Kxe5 Bxh2+ 41. Kf5 Bf4 42. Rg6+ Kf7 43. Rxg5 Bd2 44. Rh5 Kg7 45. g5
Bc3 46. g6 Bd4 47. Rh7+ Kg8 48. Rd7 Bc3 49. f4 Bb2 50. g7 Kh7 51. Ke6 Bc3 52.
Kf7 Bxg7 53. Rd1 Bh6 54. Rh1 1-0

[Event "I Open"]
[Site "Novi Ligure ITA"]
[Date "2006.10.14"]
[Round "2"]
[White "Quirico, Paolo"]
[Black "Bongiorni, Gabriele"]
[Result "0-1"]
[WhiteElo "2028"]
[BlackElo "1793"]
[PlyCount "94"]
[EventDate "2006.10.13"]

1. d4 d5 2. Bf4 Nf6 3. e3 e6 4. Nd2 b6 5. c3 Bd6 6. Bg3 O-O 7. Ngf3 a5 8. Bd3
Ba6 9. Bxa6 Nxa6 10. O-O c5 11. Bh4 Nb8 12. Ne5 Be7 13. f4 Nfd7 14. Bxe7 Qxe7
15. Qh5 f6 16. Nxd7 Nxd7 17. Rae1 Qe8 18. Qh3 f5 19. Rf3 Nf6 20. Rf2 Ng4 21.
Rfe2 Rf6 22. Qf3 Rh6 23. h3 Nf6 24. g4 fxg4 25. hxg4 Nxg4 26. Rg2 Nf6 27. Kf2
Qh5 28. Reg1 Qxf3+ 29. Kxf3 Rh3+ 30. Ke2 g6 31. dxc5 bxc5 32. c4 Rb8 33. cxd5
Nxd5 34. Nc4 a4 35. Rg5 Rb4 36. b3 axb3 37. axb3 Rxb3 38. f5 exf5 39. Rxf5 Nxe3
40. Nxe3 Rhxe3+ 41. Kd2 Rbd3+ 42. Kc2 c4 43. Rc5 Re2+ 44. Kc1 Ra3 45. Rc8+ Kf7
46. Rf1+ Ke7 47. Kb1 c3 0-1

[Event "I Open"]
[Site "Novi Ligure ITA"]
[Date "2006.10.14"]
[Round "2"]
[White "Riva, Riccardo"]
[Black "Gemma, Dario"]
[Result "0-1"]
[WhiteElo "1485"]
[BlackElo "1900"]
[PlyCount "116"]
[EventDate "2006.10.13"]

1. d4 d5 2. Nf3 f5 3. Bf4 e6 4. Nbd2 Nf6 5. e3 Bd6 6. Ne5 O-O 7. Bd3 Ne4 8.
Ndf3 Nd7 9. O-O Ndf6 10. h3 c5 11. c3 c4 12. Bc2 Qb6 13. Rb1 Qa5 14. a3 Qd8 15.
Ne1 Bc7 16. f3 Nd6 17. Bg5 Nde8 18. f4 Qd6 19. Qf3 Ne4 20. Bxe4 dxe4 21. Qe2 b5
22. Qh5 Bd8 23. g4 Bf6 24. gxf5 exf5 25. Kh2 Bxg5 26. Qxg5 Qf6 27. Qg3 a5 28.
Rg1 Ra6 29. Nc2 Qe7 30. Rg2 Rh6 31. Rbg1 g6 32. d5 Nf6 33. Nc6 Qc7 34. N2d4
Nxd5 35. Qg5 Kg7 36. Rg3 Rf6 37. Ne5 b4 38. Ng4 Rh5 39. Nxf6 Nxf6 40. Qxh5 Nxh5
41. Rg5 Kf7 42. Nb5 Qb6 43. Nd4 bxc3 44. bxc3 Qb2+ 45. R1g2 Qxc3 46. Nb5 Qd3
47. Na7 Qd7 48. Nxc8 Qxc8 49. Rc2 c3 50. Rgg2 Qc5 51. Rge2 Qxa3 52. Ra2 Qb4 53.
Rec2 Nf6 54. Kg3 Nd5 55. Kf2 Qc5 56. Re2 Nb4 57. Ra1 c2 58. Rc1 Nd3+ 0-1

[Event "I Open"]
[Site "Novi Ligure ITA"]
[Date "2006.10.14"]
[Round "2"]
[White "Saffioti, Massimo"]
[Black "Trumpf, Walter"]
[Result "0-1"]
[WhiteElo "1855"]
[BlackElo "2084"]
[PlyCount "106"]
[EventDate "2006.10.13"]

1. c4 Nf6 2. Nc3 g6 3. g3 d5 4. cxd5 Nxd5 5. Bg2 Nxc3 6. bxc3 Bg7 7. Rb1 c6 8.
Nf3 O-O 9. O-O b6 10. Qc2 Bb7 11. d4 Nd7 12. Rd1 Qc7 13. Bf4 e5 14. dxe5 Nxe5
15. Nd2 Qe7 16. h4 Rfe8 17. Bg5 f6 18. Bf4 f5 19. Qb3+ Nf7 20. e3 c5 21. Bg5
Qc7 22. Nf3 c4 23. Qb5 Nd6 24. Qb4 Ne4 25. Bf4 Qc8 26. Nd4 Qc5 27. Qxc5 Nxc5
28. Bxb7 Nxb7 29. Rb4 Na5 30. Rb2 Rad8 31. Rbd2 Nb7 32. Ne2 Rxd2 33. Rxd2 Nc5
34. Kf1 Nd3 35. Nd4 a6 36. Bc7 b5 37. Ba5 Bxd4 38. exd4 Re1+ 39. Kg2 Kf7 40. d5
Ke7 41. Bb4+ Nxb4 42. cxb4 Kd6 43. a4 Re5 44. axb5 axb5 45. Ra2 Kxd5 46. f4 Re6
47. Rd2+ Kc6 48. Kf3 h5 49. Ra2 Rd6 50. Ra6+ Kd5 51. Ra5 Rb6 52. Ra3 Kd4 53.
Ke2 c3 0-1

[Event "I Open"]
[Site "Novi Ligure ITA"]
[Date "2006.10.14"]
[Round "2"]
[White "Torrisi, Andrea"]
[Black "Brigati, Alessandro"]
[Result "0-1"]
[WhiteElo "1867"]
[BlackElo "2130"]
[PlyCount "74"]
[EventDate "2006.10.13"]

1. d4 Nf6 2. Nf3 g6 3. c4 Bg7 4. g3 O-O 5. Bg2 d6 6. O-O Nbd7 7. Nc3 c6 8. e4
Qc7 9. Rb1 b6 10. e5 Ne8 11. Bf4 dxe5 12. dxe5 e6 13. Re1 Bb7 14. Qd4 c5 15.
Qe3 a6 16. Rbd1 Rc8 17. Rd2 Bc6 18. Bh6 Bxh6 19. Qxh6 Bxf3 20. Rxd7 Qxd7 21.
Bxf3 f5 22. exf6 Nxf6 23. g4 Qf7 24. Qe3 Rce8 25. g5 Nh5 26. Bxh5 gxh5 27. Ne4
Qg6 28. Kh1 Kh8 29. Nf6 Rd8 30. Qe5 Qg7 31. h4 Rd4 32. f4 Rd2 33. Qe3 Rxb2 34.
Nxh5 Qb7+ 35. Qe4 Qxe4+ 36. Rxe4 Rd8 37. Re1 Rxa2 0-1

[Event "I Open"]
[Site "Novi Ligure ITA"]
[Date "2006.10.14"]
[Round "2"]
[White "Velo, Fiore"]
[Black "Rapetti, Giuseppe"]
[Result "0-1"]
[WhiteElo "1425"]
[BlackElo "1628"]
[PlyCount "56"]
[EventDate "2006.10.13"]

1. e4 d6 2. f4 Nf6 3. Nc3 g6 4. Nf3 Bg7 5. Bc4 Nxe4 6. Bxf7+ Kxf7 7. Nxe4 Rf8
8. Qe2 Kg8 9. d3 c5 10. c3 Nc6 11. Neg5 e5 12. g3 Re8 13. Bd2 exf4 14. Ne4 d5
15. Bxf4 dxe4 16. dxe4 Bg4 17. Qc4+ Kh8 18. Ng5 Ne5 19. Bxe5 Qxg5 20. Bf4 Qe7
21. e5 Bxe5 22. O-O Bxf4 23. Qxf4 Bh3 24. Rae1 Qg7 25. Rxe8+ Rxe8 26. Qf7 Qxf7
27. Rxf7 Re1+ 28. Kf2 Rf1+ 0-1

[Event "I Open"]
[Site "Novi Ligure ITA"]
[Date "2006.10.14"]
[Round "3"]
[White "Astengo, Marcello"]
[Black "Pedemonte, Claudio"]
[Result "1-0"]
[WhiteElo "2110"]
[BlackElo "1917"]
[PlyCount "115"]
[EventDate "2006.10.13"]

1. d4 d5 2. c4 e6 3. Nc3 Nf6 4. Bg5 Be7 5. e3 O-O 6. Bd3 h6 7. Bh4 dxc4 8. Bxc4
b6 9. Nf3 Bb7 10. O-O Nbd7 11. Qe2 a6 12. Rad1 Nd5 13. Bg3 Nxc3 14. bxc3 b5 15.
Bd3 Rc8 16. Bb1 Nf6 17. e4 c6 18. Bf4 Re8 19. Qc2 c5 20. dxc5 Qa5 21. Rfe1 Rxc5
22. e5 Rxc3 23. Bd2 Rxc2 24. Bxa5 Rc4 25. exf6 Bxf6 26. Ne5 Ra4 27. Bb6 Bd5 28.
Rd4 Ra3 29. Bc5 Bxe5 30. Rxd5 exd5 31. Bxa3 Bxh2+ 32. Kf1 Rxe1+ 33. Kxe1 Be5
34. Bc2 Bc3+ 35. Ke2 b4 36. Bc1 Kf8 37. Bd2 Bxd2 38. Kxd2 Ke7 39. Kd3 Kd6 40.
Kd4 g5 41. Bb3 a5 42. g4 f6 43. Bxd5 a4 44. Bf7 Ke7 45. Bc4 Kd6 46. Bg8 Kc6 47.
Ke4 Kc5 48. Bf7 a3 49. Bb3 Kd6 50. Kd4 Kc6 51. Kc4 Kd6 52. Kxb4 Ke5 53. Kxa3
Kf4 54. Bd1 f5 55. f3 fxg4 56. fxg4 Ke3 57. Kb4 Kd2 58. Bb3 1-0

[Event "I Open"]
[Site "Novi Ligure ITA"]
[Date "2006.10.14"]
[Round "3"]
[White "Bongiorni, Gabriele"]
[Black "Roatta, Luca"]
[Result "0-1"]
[WhiteElo "1793"]
[BlackElo "2122"]
[PlyCount "62"]
[EventDate "2006.10.13"]

1. d4 d5 2. c4 c6 3. Nc3 Nf6 4. Nf3 e6 5. Bg5 Be7 6. e3 Nbd7 7. cxd5 exd5 8.
Bd3 h6 9. Bh4 Ne4 10. Bxe7 Qxe7 11. Bxe4 dxe4 12. Nd2 Nf6 13. Qc2 Bf5 14. Rc1
O-O 15. O-O Bg6 16. Nb3 Rfd8 17. Ne2 Nd5 18. Ng3 f5 19. Qd2 Rd6 20. f3 f4 21.
exf4 e3 22. Qe1 Nxf4 23. Ne2 Nd3 24. Qg3 Nxc1 25. Rxc1 Bd3 26. Nf4 e2 27. Re1
Qe3+ 28. Kh1 Rf6 29. Nxd3 Qxd3 30. Nc5 Qxd4 31. Ne4 Qxe4 0-1

[Event "I Open"]
[Site "Novi Ligure ITA"]
[Date "2006.10.14"]
[Round "3"]
[White "Brigati, Alessandro"]
[Black "Rigo, Gianfrancesco"]
[Result "0-1"]
[WhiteElo "2130"]
[BlackElo "2017"]
[PlyCount "56"]
[EventDate "2006.10.13"]

1. d4 e6 2. c4 Bb4+ 3. Bd2 Qe7 4. Nf3 Nf6 5. Nc3 b6 6. e3 Bb7 7. Bd3 O-O 8. O-O
Bxc3 9. Bxc3 Ne4 10. Rc1 d6 11. Bb4 c5 12. Ba3 Nd7 13. Qe2 f5 14. b3 Rf6 15.
Bb2 Rg6 16. Kh1 Rh6 17. Ng1 Qh4 18. h3 Ndf6 19. dxc5 bxc5 20. Bxf6 Nxf6 21. Rc2
g5 22. Rd1 g4 23. f3 gxh3 24. Nxh3 Kh8 25. Qf2 Qh5 26. Be2 Rg8 27. Rxd6 Ng4 28.
fxg4 Qxh3+ 0-1

[Event "I Open"]
[Site "Novi Ligure ITA"]
[Date "2006.10.14"]
[Round "3"]
[White "Dragojlovic, Andjelko"]
[Black "Damia, Angelo"]
[Result "1/2-1/2"]
[WhiteElo "2383"]
[BlackElo "2099"]
[PlyCount "95"]
[EventDate "2006.10.13"]

1. e4 d6 2. Nc3 Nf6 3. f4 e5 4. Nf3 exf4 5. d4 Be7 6. Bxf4 O-O 7. Bd3 Bg4 8. h3
Bxf3 9. Qxf3 Nc6 10. Be3 Nb4 11. O-O-O Nxd3+ 12. Rxd3 Nd7 13. Qg3 f5 14. h4 Qe8
15. e5 dxe5 16. dxe5 Bc5 17. Bf4 Nb6 18. h5 Qe6 19. h6 g6 20. Rhd1 Bb4 21. Nd5
Nxd5 22. Rxd5 c6 23. Rd7 Rf7 24. Qb3 Qxb3 25. cxb3 Re8 26. a3 Bf8 27. b4 g5 28.
Bxg5 Rxe5 29. Bf4 Rxd7 30. Rxd7 Re7 31. Rd8 Kf7 32. Rb8 Rd7 33. g3 a6 34. Kc2
c5 35. bxc5 Bxc5 36. a4 Ba7 37. Rh8 Ke6 38. Re8+ Re7 39. Rg8 Bd4 40. b4 Rd7 41.
b5 axb5 42. axb5 Bb6 43. Kc3 Rd8 44. Rg5 Bd4+ 45. Kc4 Bf6 46. Rh5 Rc8+ 47. Kb3
Rc5 48. Ka4 1/2-1/2

[Event "I Open"]
[Site "Novi Ligure ITA"]
[Date "2006.10.14"]
[Round "3"]
[White "Gardini, Enrico"]
[Black "Monticone, Sonia"]
[Result "0-1"]
[WhiteElo "1896"]
[BlackElo "1611"]
[PlyCount "89"]
[EventDate "2006.10.13"]

1. e4 c5 2. Nf3 e6 3. d4 cxd4 4. Nxd4 a6 5. Nc3 Qc7 6. Be2 Nf6 7. O-O Bb4 8.
Qd3 Bxc3 9. bxc3 d5 10. exd5 Nxd5 11. c4 Nf4 12. Bxf4 Qxf4 13. Bf3 Nd7 14. Ne2
Qc7 15. Qd4 O-O 16. Ng3 Ne5 17. Be2 Bd7 18. Nh5 f6 19. Rab1 Rab8 20. Rb3 Be8
21. Nf4 Bf7 22. Rfb1 Nc6 23. Qe4 Qe7 24. Rh3 f5 25. Qe3 g5 26. Nd3 f4 27. Qc5
Qf6 28. Ne1 Bg6 29. Bd3 e5 30. Bxg6 Qxg6 31. Rd1 Rbd8 32. Rhd3 Qf6 33. Rd7 Nd4
34. Rxd8 Rxd8 35. Rd3 e4 36. Rh3 Qd6 37. Qxg5+ Kh8 38. Rh6 Qf8 39. Qe5+ Qg7 40.
Qxg7+ Kxg7 41. Rb6 Rd7 42. Kf1 Rc7 43. f3 e3 44. Nd3 Re7 45. c3 0-1